Wario vs Wario - texte - Statistiques

Statistiques générales
  • Ce quiz a été pris 4 fois
  • Le résultat moyen est 196 sur 330
Statistiques - réponses
Réponse % Correct
à
100%
M
100%
ma
100%
W
100%
Wario
100%
5
75%
9
75%
aux
75%
big
75%
Bouge
75%
ça
75%
casque
75%
casquette
75%
c'est
75%
cinq
75%
comme
75%
Comme
75%
CUT
75%
de
75%
en
75%
F
75%
From
75%
gros
75%
j'ai
75%
je
75%
Je
75%
la
75%
75%
La
75%
le
75%
mais
75%
Mario
75%
N
75%
Never
75%
oh
75%
pets
75%
pire
75%
porte
75%
Pyoro
75%
que
75%
retourner
75%
rots
75%
S
75%
sa
75%
Safe
75%
salopette
75%
se
75%
secondes
75%
so
75%
sont
75%
sur
75%
ta
75%
te
75%
t'es
75%
tes
75%
T'es
75%
Tes
75%
t'exploses
75%
THE
75%
ton
75%
tu
75%
Tu
75%
un
75%
vais
75%
WAAAAAAAAH
75%
WAH
75%
Wah...
75%
Ware
75%
Win
75%
yeah !
75%
4.1
50%
4.2
50%
abjects
50%
Ana
50%
avec
50%
bande
50%
barjo
50%
barz
50%
bien
50%
bro
50%
cassette
50%
cerveau
50%
croit
50%
dernière
50%
diamant
50%
d'merde
50%
Donc
50%
d'où
50%
du
50%
est
50%
et
50%
était
50%
eu
50%
fais
50%
fait
50%
faute
50%
finir
50%
fois
50%
fort
50%
gagne
50%
glossaire
50%
Il
50%
il
50%
j'crois
50%
J'enchaine
50%
jeu
50%
j'peux
50%
J'spitz
50%
j'suis
50%
J'suis
50%
juste
50%
l'affrontement
50%
langue
50%
lent
50%
l'mec
50%
mal
50%
Mama
50%
mates
50%
mes
50%
Mes
50%
mini-jeux
50%
moi
50%
mon
50%
monter
50%
on
50%
OUIN
50%
Papa
50%
pas
50%
payer
50%
Pendant
50%
pendant
50%
pendu
50%
perds
50%
personnages
50%
plante
50%
plus
50%
Quand
50%
qu'il
50%
qu't'as
50%
qu'une
50%
rates
50%
salaud
50%
si
50%
taff
50%
tafiolle
50%
t'as
50%
T'as
50%
toi
50%
Toi
50%
t-pose
50%
t'touchent
50%
vas
50%
version
50%
vient
50%
ville
50%
Volt
50%
vu
50%
What
50%
yo
50%
18-Volt
25%
Alors
25%
Arrête
25%
aucune
25%
banque
25%
Brain
25%
braque
25%
code
25%
course
25%
crache
25%
cubide
25%
cupide
25%
dans
25%
des
25%
dessus
25%
d'la
25%
dois
25%
écrire
25%
faire
25%
feu
25%
forme
25%
If
25%
inspiration
25%
jeux
25%
j'invente
25%
Kart
25%
K.Tastroff
25%
l'bodybag
25%
malin
25%
mets
25%
moto
25%
nulle
25%
pauvre
25%
Pour
25%
pris
25%
quatre
25%
rentres
25%
riche
25%
Rizz
25%
roule
25%
sortir
25%
strophes
25%
suis
25%
swag
25%
tenue
25%
tordre
25%
trucs
25%
une
25%
Aucun quiz correspondant
Distribution des résultats
% des personnes avec chaque résultat
Percentile par nombre de réponses
Votre historique - résultats
Vous n’avez pas pris ce quiz